000 01975nas a2200325 a 4500
001 235069
003 AGNRD
005 20250415100900.0
007 ta
008 890206s spco || o001 ||spa|
010 _a1962
040 _aAGNRD
_cAGNRD
_eRDA
_dDO-SdBNP
041 _aspa
130 _a4 poemas heroicos
_987275
245 0 _aConcurso literario : cuatro poemas heroicos :
_bun ensayo, un discurso /
_cdibujos: Gilberto Hernández Ortega.
264 _aSanto Domingo, República Dominicana :
_bEdiciones Brigadas Dominicanas.
_bEditorial El Caribe,
_c1962.
300 4 _avolumen :
_bilustraciones, dibujos ;
_c24.5 cm.
336 _atexto
_btxt
_2rdacontent
337 _asin mediación
_bn
_2rdamedia
338 _avolumen
_bnc
_2rdacarrier
362 _aMayo 1962.
490 _aColección Baluarte ; dirigida por Aída Cartagena Portalatín.
505 _aConcurso literario celebrado por el Comité Ejecutivo de la Junta Pro Glorificación de los Héroes del 30 de mayo, de las Hermanas Mirabal, Luperón, Maimón, Constanza y Estero Hondo, mayo 30 de 1962.
505 _aSucs. Aida Cartagena Portalatín.
505 _aIntroducción, 9.-- Marcio Veloz Maggiolo / “Salmo heroico a las hermanas Mirabal”, 13.-- “Canto al 30 de mayo”, 16.-- Lupo Hernández Rueda / “Canción a los héroes de Constanza, Maimón y Estero Hondo”, 23.-- Aida Cartagena Portalatín / “La ira sagrada” (canto a la Gesta del 30 de mayo”, 29.-- Domingo Oct. Bergés Bordas / “Significado histórico del 30 de mayo de 1961, fecha clave en el proceso histórico por la libertad dominicana”, 39.-- Eduardo Sánchez Cabral / Reconocimiento, 57.-- Discurso pronunciado el 30 de mayo de 1962, 59.-- Veredictos, 71-72.
650 0 _aCuentos dominicanos
_xConcurso
_91843
_vPublicación periódica
650 0 _aNovela dominicana
_91368
_vPublicación periódica
700 1 _aHernández Ortega, Giberto,
_d1924-1978
_edibujos
_9124455
942 _2ddc
_cISSUE
999 _c58516
_d58516